| 000 | 00338nam a2200097Ia 4500 | ||
|---|---|---|---|
| 082 | _a344.68018914 JORD | ||
| 245 | 0 | _aJordaan & Stelzner labour arbitration : with a commentary on the CCMA rules | |
| 100 |
_a JORDAAN, Barney Cape Town, South Africa, 2011 2nd ed _934086 |
||
| 942 | _cBK | ||
| 008 | 210817s9999 xx 000 0 und d | ||
| 999 |
_c123819 _d123818 |
||